The `new approach` construction products directive: its longer term implications for European architects and structural designers (Record no. 21346)

MARC details
000 -LEADER
fixed length control field 01185cab a2200217 4500
001 - CONTROL NUMBER
control field ABS41695
008 - FIXED-LENGTH DATA ELEMENTS--GENERAL INFORMATION
fixed length control field 090401t1989 xxu||||| |||| 00| 0 eng d
035 ## - SYSTEM CONTROL NUMBER
System control number (Sirsi) u31799
041 ## - LANGUAGE CODE
Language code of text/sound track or separate title eng
100 ## - MAIN ENTRY--PERSONAL NAME
Personal name Atkinson, G.
245 #4 - TITLE STATEMENT
Title The `new approach` construction products directive: its longer term implications for European architects and structural designers
260 ## - PUBLICATION, DISTRIBUTION, ETC.
Date of publication, distribution, etc. 1989
350 ## - PRICE (NR) (BK AM CF MU VM SE) [OBSOLETE]
Price 0
490 ## - SERIES STATEMENT
Series statement Structural Survey
Volume/sequential designation 8(2) Autumn 1989, 134-145(12)
520 ## - SUMMARY, ETC.
Summary, etc. This paper examines in detail the EEC Directive on Construction Products due to come into operation in June 1991 and its implications for those involved in building design . Considers the essential requirements for health, safety , the environment and energy conservation , the status of Eurocodes , European Standards , EC Conformity Mark , European Technical Approvals and the different national traditions in building regulations . Finally discusses the shorter and longer term implications of the Directive for both the public and private sectors. References.
650 ## - SUBJECT ADDED ENTRY--TOPICAL TERM
Topical term or geographic name entry element BUILDING INDUSTRY
650 ## - SUBJECT ADDED ENTRY--TOPICAL TERM
Topical term or geographic name entry element SINGLE MARKET
690 ## - LOCAL SUBJECT ADDED ENTRY--TOPICAL TERM (OCLC, RLIN)
Topical term or geographic name as entry element EUROPE-SINGLE MARKET
942 ## - ADDED ENTRY ELEMENTS (KOHA)
Suppress in OPAC 0
948 ## - LOCAL PROCESSING INFORMATION (OCLC); SERIES PART DESIGNATOR (RLIN)
c (OCLC) 04/03/1997
Holdings
Withdrawn status Lost status Source of classification or shelving scheme Damaged status Not for loan Home library Current library Shelving location Date acquired Total Checkouts Full call number Barcode Date last seen Copy number Price effective from Koha item type
    Dewey Decimal Classification     London London Journal article 14/09/1999   ABS41695 31799-1001 06/08/2019 1 06/08/2019 Journal article